[Event "20. Open d'escacs de Sants 2018"]
[Site "Barcelona ESP"]
[Date "2018.08.22"]
[Round "6.27"]
[White "VALDES ESCOBAR, Alvaro"]
[Black "PULVETT MARIN, Daniel Eduardo"]
[Result "1/2-1/2"]
[WhiteElo "2369"]
[BlackElo "2465"]
[PlyCount "68"]
[EventDate "2018.08.17"]
[EventType "swiss"]
[EventRounds "10"]
[EventCountry "ESP"]
[SourceTitle "Ajedrez en Madrid"]
[Source "lmi"]
[SourceDate "2018.08.17"]
[SourceVersion "1"]
[SourceVersionDate "2019.07.10"]
[SourceQuality "1"]

1. Nf3 Nf6 2. c4 e6 3. Nc3 Bb4 4. Qc2 O-O 5. a3 Bxc3 6. Qxc3 b6 7. g3 Bb7 8.
Bg2 d6 9. O-O Nbd7 10. b4 Rc8 11. d3 c5 12. Qb2 Qe7 13. Bd2 e5 14. Rac1 e4 15.
Ng5 Rfe8 16. Rfe1 d5 17. cxd5 Bxd5 18. Nxe4 Nxe4 19. dxe4 Bxe4 20. Bxe4 Qxe4
21. bxc5 Nxc5 22. Be3 h5 23. Qb5 Qf5 24. Bxc5 bxc5 25. h4 Re4 26. Rc4 Qd5 27.
Rxe4 Qxe4 28. Qd7 Rb8 29. Qxa7 Rb1 30. Rxb1 Qxb1+ 31. Kh2 Qf5 32. Qa8+ Kh7 33.
Kg2 c4 34. Qc6 Qc2 1/2-1/2

[Event "20. Open d'escacs de Sants 2018"]
[Site "Barcelona ESP"]
[Date "2018.08.22"]
[Round "6.28"]
[White "MOLNER, Mackenzie"]
[Black "TAHAY, Alexis"]
[Result "0-1"]
[WhiteElo "2465"]
[BlackElo "2315"]
[PlyCount "74"]
[EventDate "2018.08.17"]
[EventType "swiss"]
[EventRounds "10"]
[EventCountry "ESP"]
[SourceTitle "Ajedrez en Madrid"]
[Source "lmi"]
[SourceDate "2018.08.17"]
[SourceVersion "1"]
[SourceVersionDate "2019.07.10"]
[SourceQuality "1"]

1. d4 Nf6 2. Nf3 c5 3. d5 b5 4. Bg5 a6 5. c4 g6 6. Nbd2 Bg7 7. e4 d6 8. Qc2 O-O
9. Be2 Nbd7 10. O-O Rb8 11. Rfe1 Ng4 12. Rab1 bxc4 13. Nxc4 Nde5 14. Nfxe5 Nxe5
15. Bd2 f5 16. Nxe5 Bxe5 17. Bd3 e6 18. f4 Bd4+ 19. Be3 fxe4 20. Bxe4 Qf6 21.
Bxd4 Qxd4+ 22. Kh1 Rxf4 23. dxe6 Rf2 24. e7 Be6 25. Qc1 Re8 26. Bxg6 Bd5 27.
Be4 Bxe4 28. Qg5+ Bg6 29. Re6 Qd3 30. Rg1 Qf5 31. Qe3 Rxb2 32. Rxd6 Rb1 33.
Rxa6 Rxg1+ 34. Kxg1 Qb1+ 35. Kf2 Qb2+ 36. Kg1 Qd4 37. Re6 Kf7 0-1

[Event "20. Open d'escacs de Sants 2018"]
[Site "Barcelona ESP"]
[Date "2018.08.22"]
[Round "6.29"]
[White "SOCHACKI, Christophe"]
[Black "NAPOLI, Nicolo"]
[Result "1-0"]
[WhiteElo "2455"]
[BlackElo "2295"]
[PlyCount "101"]
[EventDate "2018.08.17"]
[EventType "swiss"]
[EventRounds "10"]
[EventCountry "ESP"]
[SourceTitle "Ajedrez en Madrid"]
[Source "lmi"]
[SourceDate "2018.08.17"]
[SourceVersion "1"]
[SourceVersionDate "2019.07.10"]
[SourceQuality "1"]

1. Nf3 d5 2. b3 Nf6 3. Bb2 g6 4. c4 Bg7 5. g3 O-O 6. Bg2 c6 7. O-O a5 8. Nc3
Ne4 9. Na4 Na6 10. Bxg7 Kxg7 11. d4 b5 12. Nc5 Nc3 13. Qe1 b4 14. Nd3 Bg4 15.
Nde5 Bxf3 16. Bxf3 Qd6 17. Qd2 Nb8 18. c5 Qc7 19. Qf4 Ra7 20. a3 bxa3 21. Rxa3
Nb5 22. Ra4 f6 23. Nd3 Qxf4 24. gxf4 Nd7 25. Re1 Re8 26. e3 Nf8 27. Kf1 Ne6 28.
Rc1 Rb8 29. Ke1 g5 30. f5 Nd8 31. Kd2 Nf7 32. h3 Nd8 33. Rca1 Rba8 34. Be2 Nb7
35. Nc1 Nc7 36. b4 Nb5 37. Nb3 h5 38. Nxa5 Kh6 39. Nxb7 Rxa4 40. Rxa4 Rxa4 41.
Bxb5 Ra2+ 42. Kc3 cxb5 43. Na5 g4 44. hxg4 Ra1 45. gxh5 Kxh5 46. Nc6 Rc1+ 47.
Kd3 Rd1+ 48. Ke2 Rb1 49. Nxe7 Rb2+ 50. Kd3 Ra2 51. c6 1-0

[Event "20. Open d'escacs de Sants 2018"]
[Site "Barcelona ESP"]
[Date "2018.08.22"]
[Round "6.30"]
[White "ABHISHEK, Das"]
[Black "LODICI, Lorenzo"]
[Result "0-1"]
[WhiteElo "2315"]
[BlackElo "2447"]
[PlyCount "66"]
[EventDate "2018.08.17"]
[EventType "swiss"]
[EventRounds "10"]
[EventCountry "ESP"]
[SourceTitle "Ajedrez en Madrid"]
[Source "lmi"]
[SourceDate "2018.08.17"]
[SourceVersion "1"]
[SourceVersionDate "2019.07.10"]
[SourceQuality "1"]

1. e4 e5 2. Nf3 Nc6 3. Nc3 Nf6 4. Bb5 Bd6 5. d3 h6 6. a3 a6 7. Bc4 Bc5 8. Be3
d6 9. h3 Bxe3 10. fxe3 O-O 11. Qd2 Be6 12. g4 d5 13. exd5 Nxd5 14. Ne4 b5 15.
Bxd5 Bxd5 16. O-O-O Bxe4 17. dxe4 Qxd2+ 18. Rxd2 f6 19. Rd7 Rf7 20. Rhd1 Raf8
21. R7d3 Na5 22. Nh4 Nb7 23. Ng6 Ra8 24. h4 h5 25. gxh5 Nd6 26. Rg1 Kh7 27. Rg4
Kh6 28. Rd1 Kxh5 29. Rdg1 Nc4 30. b3 Nd6 31. Kd2 Rd8 32. Ke2 a5 33. Kf3 Rfd7
0-1

[Event "20. Open d'escacs de Sants 2018"]
[Site "Barcelona ESP"]
[Date "2018.08.22"]
[Round "6.31"]
[White "DIAZ CAMALLONGA, Carles"]
[Black "IGLESIAS, Joachim"]
[Result "1/2-1/2"]
[WhiteElo "2445"]
[BlackElo "2268"]
[PlyCount "97"]
[EventDate "2018.08.17"]
[EventType "swiss"]
[EventRounds "10"]
[EventCountry "ESP"]
[SourceTitle "Ajedrez en Madrid"]
[Source "lmi"]
[SourceDate "2018.08.17"]
[SourceVersion "1"]
[SourceVersionDate "2019.07.10"]
[SourceQuality "1"]

1. e4 d6 2. d4 Nf6 3. Nc3 g6 4. Nf3 Bg7 5. Be2 O-O 6. O-O c6 7. Re1 Nbd7 8. Bf4
Qa5 9. Nd2 Qc7 10. a4 e5 11. Be3 Ng4 12. Bxg4 exd4 13. Bxd7 dxe3 14. Rxe3 Bxd7
15. Nc4 d5 16. exd5 cxd5 17. Nxd5 Qxc4 18. Ne7+ Kh8 19. Qxd7 Bxb2 20. Rf1 b6
21. c3 Bxc3 22. Rc1 Rad8 23. Qh3 Qxa4 24. Qf3 Bg7 25. g3 f5 26. Ra3 Qe4 27.
Qxe4 fxe4 28. Rc2 Rd7 29. Nc8 Rff7 30. Nxa7 Rxa7 31. Rxa7 Rxa7 32. Rc8+ Bf8 33.
Rxf8+ Kg7 34. Re8 Rb7 35. Rxe4 b5 36. Rb4 Kf6 37. Kf1 Ke5 38. Ke2 Kd5 39. Kd3
Kc5 40. Rf4 Re7 41. Kc3 Re5 42. Rf7 Rf5 43. Rc7+ Kb6 44. Rxh7 Rxf2 45. Rh6 Kc5
46. Rxg6 b4+ 47. Kb3 Rf3+ 48. Kb2 Rf2+ 49. Kb3 1/2-1/2

[Event "20. Open d'escacs de Sants 2018"]
[Site "Barcelona ESP"]
[Date "2018.08.22"]
[Round "6.32"]
[White "HERNANDEZ, Cristian Andres"]
[Black "BELLIA, Fabrizio"]
[Result "1/2-1/2"]
[WhiteElo "2323"]
[BlackElo "2440"]
[PlyCount "111"]
[EventDate "2018.08.17"]
[EventType "swiss"]
[EventRounds "10"]
[EventCountry "ESP"]
[SourceTitle "Ajedrez en Madrid"]
[Source "lmi"]
[SourceDate "2018.08.17"]
[SourceVersion "1"]
[SourceVersionDate "2019.07.10"]
[SourceQuality "1"]

1. d4 Nf6 2. c4 e6 3. Nc3 Bb4 4. Qc2 O-O 5. a3 Bxc3+ 6. Qxc3 b6 7. Bg5 Bb7 8.
f3 h6 9. Bh4 d5 10. e3 Nbd7 11. cxd5 Nxd5 12. Bxd8 Nxc3 13. Bh4 Nd5 14. Kf2 f5
15. Bc4 c5 16. Ne2 Rac8 17. Rac1 a6 18. Bg3 Rfe8 19. Rhd1 b5 20. Bxd5 Bxd5 21.
dxc5 Nxc5 22. Bd6 Na4 23. Be5 Nc5 24. Nf4 Bb3 25. Rd6 Kf7 26. Rc3 g5 27. Ne2
Bc4 28. Nc1 Ke7 29. Rb6 Red8 30. b3 Bd5 31. Bd4 Nd7 32. Rxa6 e5 33. Rxc8 Rxc8
34. Ne2 exd4 35. Nxd4 f4 36. exf4 gxf4 37. Rxh6 Rc3 38. Rh7+ Bf7 39. Nxb5 Rxb3
40. Nd6 Kxd6 41. Rxf7 Ne5 42. Rf8 Rxa3 43. g3 Ke7 44. Rf5 Ke6 45. Rf8 Ra2+ 46.
Kf1 Ng6 47. Re8+ Kf5 48. Re2 Ra3 49. Kg2 Ne5 50. Re4 Ra2+ 51. Kf1 Nd3 52. Re2
Ra1+ 53. Kg2 Ne5 54. Re4 Ra2+ 55. Kf1 Ra1+ 56. Kg2 1/2-1/2

[Event "20. Open d'escacs de Sants 2018"]
[Site "Barcelona ESP"]
[Date "2018.08.22"]
[Round "6.33"]
[White "TOUZANE, Olivier"]
[Black "CRUZ, Jonathan"]
[Result "1/2-1/2"]
[WhiteElo "2301"]
[BlackElo "2420"]
[PlyCount "82"]
[EventDate "2018.08.17"]
[EventType "swiss"]
[EventRounds "10"]
[EventCountry "ESP"]
[SourceTitle "Ajedrez en Madrid"]
[Source "lmi"]
[SourceDate "2018.08.17"]
[SourceVersion "1"]
[SourceVersionDate "2019.07.10"]
[SourceQuality "1"]

1. d4 Nf6 2. Bf4 c5 3. e3 g6 4. Nc3 Qa5 5. Qd2 Bg7 6. h3 O-O 7. Nf3 Nc6 8. Be2
d5 9. O-O Bf5 10. Ne5 Rac8 11. Rfd1 cxd4 12. exd4 a6 13. Bf3 Rfd8 14. g4 Be6
15. a3 Nxe5 16. Bxe5 Qb6 17. Na4 Qc6 18. Qa5 Nd7 19. Bxg7 Kxg7 20. Nc3 Nb6 21.
Ne2 Nc4 22. Qb4 Qc7 23. b3 Nb6 24. Rac1 g5 25. a4 Qd6 26. Qd2 h6 27. Kg2 Nd7
28. h4 f6 29. Rh1 Bf7 30. Rh3 Bg6 31. c3 Nf8 32. hxg5 hxg5 33. c4 dxc4 34. bxc4
Rc7 35. Qe3 Ne6 36. c5 Nf4+ 37. Kf1 Rxc5 38. Rxc5 Nxh3 39. Rd5 Qc7 40. Rxd8
Qxd8 41. Bxb7 Qd7 1/2-1/2

[Event "20. Open d'escacs de Sants 2018"]
[Site "Barcelona ESP"]
[Date "2018.08.22"]
[Round "6.34"]
[White "YANKELEVICH, Lev"]
[Black "SERRA PAGES, Jordi"]
[Result "1-0"]
[WhiteElo "2420"]
[BlackElo "2251"]
[PlyCount "112"]
[EventDate "2018.08.17"]
[EventType "swiss"]
[EventRounds "10"]
[EventCountry "ESP"]
[SourceTitle "Ajedrez en Madrid"]
[Source "lmi"]
[SourceDate "2018.08.17"]
[SourceVersion "1"]
[SourceVersionDate "2019.07.10"]
[SourceQuality "1"]

1. Nf3 Nf6 2. c4 c6 3. d4 g6 4. Nc3 d5 5. cxd5 cxd5 6. Bf4 Nc6 7. e3 Bg7 8. h3
O-O 9. Bd3 b6 10. O-O Bb7 11. Rc1 Rc8 12. Qa4 a6 13. b4 Nh5 14. Bh2 e5 15. Bxa6
Bxa6 16. b5 exd4 17. exd4 Nxd4 18. Nxd4 Rc4 19. Qb3 Bxd4 20. bxa6 Qa8 21. Nxd5
Rxc1 22. Rxc1 Qxa6 23. Qc4 Qxc4 24. Rxc4 Bc5 25. Bc7 Ra8 26. a4 Ra6 27. g4 Ng7
28. a5 Rxa5 29. Bxb6 Ra1+ 30. Kg2 Bf8 31. Nf6+ Kh8 32. Rc8 Ne6 33. Nd7 Kg7 34.
Nxf8 Nf4+ 35. Kf3 Ra4 36. Nd7 Nxh3 37. Bc5 Ng5+ 38. Ke3 Re4+ 39. Kd3 f6 40. Bd4
Rxg4 41. Bxf6+ Kh6 42. Rc1 Rh4 43. Rg1 Rh3+ 44. Rg3 Rxg3+ 45. fxg3 Nf7 46. g4
g5 47. Bb2 Kg6 48. Nf8+ Kh6 49. Ke4 Nd6+ 50. Kd5 Ne4 51. Nxh7 Nf2 52. Nf6 Kg6
53. Bd4 Nh3 54. Ke6 Nf4+ 55. Ke7 Nd3 56. Nd7 Nf4 1-0

[Event "20. Open d'escacs de Sants 2018"]
[Site "Barcelona ESP"]
[Date "2018.08.22"]
[Round "6.35"]
[White "HAAG, Gregor"]
[Black "FENIL, Shah"]
[Result "0-1"]
[WhiteElo "2298"]
[BlackElo "2412"]
[PlyCount "54"]
[EventDate "2018.08.17"]
[EventType "swiss"]
[EventRounds "10"]
[EventCountry "ESP"]
[SourceTitle "Ajedrez en Madrid"]
[Source "lmi"]
[SourceDate "2018.08.17"]
[SourceVersion "1"]
[SourceVersionDate "2019.07.10"]
[SourceQuality "1"]

1. d4 d5 2. c4 e6 3. Nf3 Nf6 4. Nc3 Bb4 5. Qa4+ Nc6 6. e3 O-O 7. Qc2 Ne7 8. Bd2
b6 9. cxd5 exd5 10. a3 Bd6 11. Nb5 Ne4 12. Rc1 c5 13. Bd3 Bb7 14. Nxd6 Qxd6 15.
dxc5 bxc5 16. O-O Rac8 17. Rfd1 f5 18. Be1 Qe6 19. Qa4 a6 20. Nd2 Nd6 21. Qa5
f4 22. Rxc5 Nc6 23. Qc3 fxe3 24. Nf3 Ne4 25. Bxe4 exf2+ 26. Bxf2 dxe4 27. Ng5
Qg4 0-1

[Event "20. Open d'escacs de Sants 2018"]
[Site "Barcelona ESP"]
[Date "2018.08.22"]
[Round "6.36"]
[White "MORAWIETZ, Dieter"]
[Black "BLASCO COLL, Andreu"]
[Result "1-0"]
[WhiteElo "2411"]
[BlackElo "2238"]
[PlyCount "95"]
[EventDate "2018.08.17"]
[EventType "swiss"]
[EventRounds "10"]
[EventCountry "ESP"]
[SourceTitle "Ajedrez en Madrid"]
[Source "lmi"]
[SourceDate "2018.08.17"]
[SourceVersion "1"]
[SourceVersionDate "2019.07.10"]
[SourceQuality "1"]

1. e4 c6 2. Nf3 d5 3. Nc3 Nf6 4. e5 Ne4 5. Ne2 Qb6 6. d4 e6 7. Ng3 c5 8. Bd3
Nxg3 9. hxg3 cxd4 10. a3 Nc6 11. b4 Bd7 12. Qe2 Be7 13. Kf1 O-O-O 14. b5 Na5
15. a4 Kb8 16. Bb2 Bc5 17. Rh4 Rc8 18. Bxd4 Bxd4 19. Rxd4 f6 20. Rf4 Rhf8 21.
exf6 gxf6 22. Rxf6 Rxf6 23. Qe5+ Qc7 24. Qxf6 Nc4 25. Kg1 Re8 26. Re1 Nb6 27.
Qd4 h6 28. Ne5 Bc8 29. a5 Nd7 30. b6 axb6 31. Nxd7+ Bxd7 32. axb6 Qd6 33. f4
Rg8 34. Kh2 Rc8 35. Qe5 Qxe5 36. Rxe5 Rf8 37. Kh3 Kc8 38. Kh4 Kd8 39. Kh5 Ke7
40. Kxh6 Kf6 41. g4 Ke7 42. g3 Rh8+ 43. Bh7 Ba4 44. f5 Bxc2 45. Kg7 Rc8 46.
Rxe6+ Kd7 47. Re2 Be4 48. f6 1-0

[Event "20. Open d'escacs de Sants 2018"]
[Site "Barcelona ESP"]
[Date "2018.08.22"]
[Round "6.37"]
[White "POVILL CLAROS, Xavier"]
[Black "LAMARD, Guillaume"]
[Result "0-1"]
[WhiteElo "2277"]
[BlackElo "2409"]
[PlyCount "96"]
[EventDate "2018.08.17"]
[EventType "swiss"]
[EventRounds "10"]
[EventCountry "ESP"]
[SourceTitle "Ajedrez en Madrid"]
[Source "lmi"]
[SourceDate "2018.08.17"]
[SourceVersion "1"]
[SourceVersionDate "2019.07.10"]
[SourceQuality "1"]

1. Nf3 Nf6 2. c4 g6 3. Nc3 Bg7 4. e4 d6 5. d4 O-O 6. Be2 Nbd7 7. O-O e5 8. Re1
c6 9. Rb1 h6 10. dxe5 dxe5 11. Qc2 Nc5 12. Be3 Nfd7 13. Na4 Ne6 14. Red1 Qe7
15. c5 g5 16. b4 g4 17. Nd2 h5 18. Nb3 Nf6 19. Nb2 Nf4 20. Bf1 h4 21. Nc4 N6h5
22. Nd6 Be6 23. Na5 g3 24. Naxb7 Qg5 25. Kh1 gxf2 26. Bxf2 Ng3+ 27. Bxg3 hxg3
28. h3 Bg4 29. Nf5 Bxf5 30. exf5 Nd5 31. Nd6 Qf4 32. Qd2 Rfd8 33. Qxf4 exf4 34.
b5 Nc3 35. bxc6 Nxd1 36. c7 Nf2+ 37. Kg1 Rf8 38. Bc4 Bd4 39. Bxf7+ Kg7 40. Be6
Ne4+ 41. Kh1 Nf2+ 42. Kg1 Bxc5 43. Rb7 Kf6 44. c8=Q Raxc8 45. Nxc8 Nxh3+ 46.
Kf1 f3 47. Rb3 Rd8 48. Rxf3 Ng1 0-1

[Event "20. Open d'escacs de Sants 2018"]
[Site "Barcelona ESP"]
[Date "2018.08.22"]
[Round "6.38"]
[White "MARTINEZ FERNANDEZ, Adrian"]
[Black "VIDAL ZAMORA, Alex"]
[Result "0-1"]
[WhiteElo "2268"]
[BlackElo "2404"]
[PlyCount "132"]
[EventDate "2018.08.17"]
[EventType "swiss"]
[EventRounds "10"]
[EventCountry "ESP"]
[SourceTitle "Ajedrez en Madrid"]
[Source "lmi"]
[SourceDate "2018.08.17"]
[SourceVersion "1"]
[SourceVersionDate "2019.07.10"]
[SourceQuality "1"]

1. e4 c5 2. Nf3 e6 3. d4 cxd4 4. Nxd4 a6 5. Nc3 Qc7 6. Bd3 Nf6 7. O-O d6 8. Qe2
Nbd7 9. Bd2 Be7 10. f4 Qb6 11. Be3 Qxb2 12. Qd2 Qb4 13. Nb3 Qa3 14. Qe2 O-O 15.
Rfb1 Re8 16. g4 Nc5 17. g5 Nfd7 18. Qe1 Bd8 19. Ne2 Bb6 20. Ng3 Nxb3 21. axb3
Bxe3+ 22. Qxe3 Qc5 23. Qxc5 Nxc5 24. Bb5 Rd8 25. b4 Nd7 26. Rd1 Nb6 27. Be2 Kf8
28. Nh5 g6 29. Nf6 Ke7 30. Nxh7 Bd7 31. c4 Rac8 32. Rac1 Ba4 33. Rd4 Rc7 34.
Nf6 Rdc8 35. Ng4 Bb5 36. Ne3 e5 37. fxe5 dxe5 38. Rd5 Nxc4 39. Bxc4 Bxc4 40.
Rxe5+ Kd6 41. Rc5 Be6 42. Rd1+ Ke7 43. Nd5+ Bxd5 44. Rcxd5 Rc1 45. Rd7+ Ke6 46.
R7d6+ Ke5 47. Kf2 R8c2+ 48. Kf3 Rc3+ 49. R1d3 Rf1+ 50. Kg2 Rxd3 51. Rxd3 Rb1
52. Rd7 Rxb4 53. Rxf7 a5 54. h4 a4 55. h5 gxh5 56. g6 Ke6 57. Rc7 Rxe4 58. Rxb7
Rg4+ 59. Kf3 Kd5 60. Rb5+ Kc4 61. Rxh5 Rxg6 62. Ke3 Ra6 63. Kd2 a3 64. Rh1 a2
65. Ra1 Kb3 66. Kc1 Rc6+ 0-1

[Event "20. Open d'escacs de Sants 2018"]
[Site "Barcelona ESP"]
[Date "2018.08.22"]
[Round "6.39"]
[White "JIMENEZ RUANO, Adrian"]
[Black "FERNANDEZ CARDOSO, Alexey"]
[Result "1/2-1/2"]
[WhiteElo "2244"]
[BlackElo "2403"]
[PlyCount "166"]
[EventDate "2018.08.17"]
[EventType "swiss"]
[EventRounds "10"]
[EventCountry "ESP"]
[SourceTitle "Ajedrez en Madrid"]
[Source "lmi"]
[SourceDate "2018.08.17"]
[SourceVersion "1"]
[SourceVersionDate "2019.07.10"]
[SourceQuality "1"]

1. d4 Nf6 2. c4 g6 3. Nc3 Bg7 4. e4 d6 5. h3 O-O 6. Nf3 e5 7. d5 a5 8. g4 Na6
9. Be3 Nd7 10. a3 Nb6 11. Rg1 Bd7 12. h4 Nc5 13. b3 Kh8 14. a4 Qe7 15. Qc2 c6
16. O-O-O Rac8 17. Bxc5 dxc5 18. d6 Qf6 19. Rd3 Rcd8 20. Bh3 Be6 21. g5 Qf4+
22. Re3 Bxh3 23. Ne2 Qxe3+ 24. fxe3 Nc8 25. Nc3 Nxd6 26. Qh2 Bc8 27. h5 Kg8 28.
Rh1 Rfe8 29. hxg6 hxg6 30. Qh7+ Kf8 31. Nh4 Bg4 32. Rf1 Re6 33. Nd5 Bh5 34. Nf5
gxf5 35. exf5 Nxf5 36. Qxh5 cxd5 37. Rxf5 Re7 38. cxd5 Rxd5 39. e4 Rd6 40. Rf6
Rd4 41. Qg4 Red7 42. Rb6 Ke7 43. Rb5 c4 44. b4 axb4 45. Rxb4 Kd8 46. Rb5 c3 47.
Rc5 Rxa4 48. Rxc3 Ra6 49. Qh3 Rg6 50. Rd3 Rxd3 51. Qxd3+ Ke8 52. Qb5+ Kf8 53.
Qd7 Kg8 54. Qe8+ Bf8 55. Qxe5 b6 56. Kc2 Re6 57. Qd5 Be7 58. Kb3 Rg6 59. Qa8+
Kg7 60. Qa1+ Kh7 61. Qa7 Re6 62. Qb7 Re5 63. Qc7 Re6 64. Qb7 Kg6 65. Qd5 Bd6
66. Qf5+ Kg7 67. Qf3 b5 68. Qf5 b4 69. Qf3 Be7 70. Qf5 Kg8 71. Qd5 Rd6 72. Qe5
Bf8 73. Qf5 Ra6 74. Qd5 Ra3+ 75. Kc2 Rc3+ 76. Kd2 Rc5 77. Qd8 Rc6 78. Qb8 Rg6
79. Qb5 Re6 80. Kd3 Be7 81. Qb8+ Kg7 82. Qb5 Rd6+ 83. Ke3 Kg8 1/2-1/2

[Event "20. Open d'escacs de Sants 2018"]
[Site "Barcelona ESP"]
[Date "2018.08.22"]
[Round "6.40"]
[White "PFREUNDT, Jakob"]
[Black "CHAVEZ, Ricardo Ernesto"]
[Result "1/2-1/2"]
[WhiteElo "2399"]
[BlackElo "2244"]
[PlyCount "163"]
[EventDate "2018.08.17"]
[EventType "swiss"]
[EventRounds "10"]
[EventCountry "ESP"]
[SourceTitle "Ajedrez en Madrid"]
[Source "lmi"]
[SourceDate "2018.08.17"]
[SourceVersion "1"]
[SourceVersionDate "2019.07.10"]
[SourceQuality "1"]

1. Nf3 Nf6 2. c4 d6 3. g3 e5 4. Bg2 Nc6 5. Nc3 g6 6. d4 exd4 7. Nxd4 Bd7 8.
Nxc6 Bxc6 9. e4 Bg7 10. O-O O-O 11. Bg5 h6 12. Be3 Re8 13. f3 a5 14. Qd2 Kh7
15. b3 Nd7 16. Rac1 Nc5 17. Rfe1 Qf6 18. Red1 b6 19. Rc2 Qe5 20. Re1 Qh5 21.
Ne2 Qe5 22. Nd4 Bb7 23. Bf2 Qe7 24. Rcc1 Qd7 25. Re2 Re7 26. Rce1 Rae8 27. h4
h5 28. Kh2 Bh6 29. Qc2 Qc8 30. Bh3 Qa8 31. Nb5 Bc6 32. Nc3 Bg7 33. Be3 Bf6 34.
Qd2 Kg7 35. Bh6+ Kh7 36. Be3 Kg7 37. Rb1 Kg8 38. Rd1 Kg7 39. Bd4 Be5 40. Rde1
Kh7 41. Be3 Bf6 42. Rd1 Kg7 43. Nd5 Bxd5 44. Qxd5 Qxd5 45. cxd5 Bc3 46. Rc2 Be5
47. Kg2 Bf6 48. Bc1 Na6 49. Kf2 Nb4 50. Re2 Na6 51. Bf1 Nc5 52. Rc2 Kg8 53. Bb5
Rf8 54. Kg2 Kh7 55. Be3 Bg7 56. Bg5 f6 57. Bc1 f5 58. exf5 Rxf5 59. Re2 Rxe2+
60. Bxe2 Bc3 61. Bb5 Kg7 62. Bf4 Be5 63. Be3 Bc3 64. Bf4 Be5 65. Be3 Bc3 66.
Bg5 Bf6 67. Bd2 Re5 68. Bc4 Re7 69. Re1 Rxe1 70. Bxe1 Bd4 71. Bd2 Kf7 72. Bb5
Ke7 73. Bg5+ Bf6 74. Be3 Kf7 75. Kf2 Ke7 76. Ke2 Bc3 77. Bg5+ Bf6 78. Bd2 Kf7
79. Ke3 Be5 80. f4 Bb2 81. Be2 Bf6 82. Bf1 1/2-1/2

[Event "20. Open d'escacs de Sants 2018"]
[Site "Barcelona ESP"]
[Date "2018.08.22"]
[Round "6.41"]
[White "GUAL PASCUAL, Antonio"]
[Black "MONTILLA CARRILLO, Esteban"]
[Result "1/2-1/2"]
[WhiteElo "2394"]
[BlackElo "2204"]
[PlyCount "125"]
[EventDate "2018.08.17"]
[EventType "swiss"]
[EventRounds "10"]
[EventCountry "ESP"]
[SourceTitle "Ajedrez en Madrid"]
[Source "lmi"]
[SourceDate "2018.08.17"]
[SourceVersion "1"]
[SourceVersionDate "2019.07.10"]
[SourceQuality "1"]

1. d4 d5 2. c4 e6 3. Nf3 Nf6 4. g3 dxc4 5. Bg2 Nbd7 6. O-O a6 7. Nc3 Be7 8. e4
b5 9. e5 Nd5 10. Ne4 h6 11. Bd2 Bb7 12. Re1 N7b6 13. b3 c3 14. Nxc3 Nxc3 15.
Bxc3 b4 16. Bd2 O-O 17. Qc2 Nd5 18. Qe4 Rb8 19. Qg4 Kh7 20. Rac1 Nc3 21. Bxc3
bxc3 22. Red1 Bd5 23. Rxc3 c6 24. Nd2 a5 25. Bxd5 cxd5 26. Qe2 Ba3 27. Nb1 Bb4
28. Rc2 Qb6 29. Qd3+ g6 30. Rdc1 Rb7 31. Rc6 Qa7 32. h4 h5 33. Kg2 Kg7 34. f3
Ra8 35. g4 Rh8 36. g5 Ra8 37. Nc3 Bxc3 38. Qxc3 Rb4 39. Rc5 Rab8 40. Qe3 R4b7
41. Qf4 Re8 42. Qd2 Ra8 43. Kg3 Qa6 44. Kf2 Qb6 45. Qf4 Re8 46. R1c2 Qb4 47.
Qd2 Qxd2+ 48. Rxd2 Ra8 49. Rb2 Rb4 50. Ke3 a4 51. Kd3 axb3 52. axb3 Ra3 53. Kc3
Rb7 54. Rc8 Ra1 55. Kd3 Rd1+ 56. Ke3 Re1+ 57. Kf2 Rh1 58. Kg2 Ra1 59. Rbc2 Rba7
60. Rb8 R7a2 61. Rf2 Rxf2+ 62. Kxf2 Rh1 63. Kg3 1/2-1/2

[Event "20. Open d'escacs de Sants 2018"]
[Site "Barcelona ESP"]
[Date "2018.08.22"]
[Round "6.42"]
[White "MARTIN, Julian"]
[Black "MOKSH, Amit Doshi"]
[Result "1-0"]
[WhiteElo "2392"]
[BlackElo "2193"]
[PlyCount "45"]
[EventDate "2018.08.17"]
[EventType "swiss"]
[EventRounds "10"]
[EventCountry "ESP"]
[SourceTitle "Ajedrez en Madrid"]
[Source "lmi"]
[SourceDate "2018.08.17"]
[SourceVersion "1"]
[SourceVersionDate "2019.07.10"]
[SourceQuality "1"]

1. e4 e6 2. d4 d5 3. Nd2 c5 4. exd5 Qxd5 5. dxc5 Nf6 6. Ngf3 Bxc5 7. Bc4 Qc6 8.
Qe2 O-O 9. Nb3 Nbd7 10. Nxc5 Qxc5 11. O-O b6 12. b3 Bb7 13. Bb2 Qc7 14. Rad1 a6
15. a4 Ng4 16. Rxd7 Qxd7 17. Ng5 Nf6 18. Bxf6 gxf6 19. Nxe6 h5 20. Nxf8 Rxf8
21. Qxh5 Kg7 22. Rd1 Qc8 23. Rd3 1-0

[Event "20. Open d'escacs de Sants 2018"]
[Site "Barcelona ESP"]
[Date "2018.08.23"]
[Round "7.1"]
[White "DEMCHENKO, Anton"]
[Black "GLEDURA, Benjamin"]
[Result "1/2-1/2"]
[WhiteElo "2670"]
[BlackElo "2626"]
[PlyCount "67"]
[EventDate "2018.08.17"]
[EventType "swiss"]
[EventRounds "10"]
[EventCountry "ESP"]
[SourceTitle "Ajedrez en Madrid"]
[Source "lmi"]
[SourceDate "2018.08.17"]
[SourceVersion "1"]
[SourceVersionDate "2019.07.10"]
[SourceQuality "1"]

1. e4 e5 2. Nf3 Nc6 3. Bc4 Bc5 4. d3 Nf6 5. c3 O-O 6. Bg5 h6 7. Bh4 Be7 8. Bg3
d6 9. a4 g6 10. h3 Nh5 11. Bh2 Bf6 12. Nbd2 Bg7 13. Nf1 Qe8 14. Ne3 Be6 15.
Bxe6 Qxe6 16. O-O a5 17. Nd5 Rac8 18. Nd2 Ne7 19. Nxe7+ Qxe7 20. Nc4 b6 21. b4
axb4 22. cxb4 Nf4 23. Ne3 c6 24. Rc1 Ne6 25. b5 cxb5 26. Nd5 Qb7 27. axb5 Nd4
28. Kh1 Rxc1 29. Qxc1 Nxb5 30. Qb2 Nd4 31. Qxb6 Qxb6 32. Nxb6 Rb8 33. Nc4 Rb3
34. Nxd6 1/2-1/2

[Event "20. Open d'escacs de Sants 2018"]
[Site "Barcelona ESP"]
[Date "2018.08.23"]
[Round "7.2"]
[White "MORONI, Luca Jr"]
[Black "NISIPEANU, Liviu-Dieter"]
[Result "1/2-1/2"]
[WhiteElo "2547"]
[BlackElo "2657"]
[PlyCount "35"]
[EventDate "2018.08.17"]
[EventType "swiss"]
[EventRounds "10"]
[EventCountry "ESP"]
[SourceTitle "Ajedrez en Madrid"]
[Source "lmi"]
[SourceDate "2018.08.17"]
[SourceVersion "1"]
[SourceVersionDate "2019.07.10"]
[SourceQuality "1"]

1. c4 e6 2. Nc3 d5 3. d4 Nf6 4. cxd5 exd5 5. Bg5 c6 6. e3 Be7 7. Bd3 Nbd7 8.
Qc2 h6 9. Bh4 Nh5 10. Bxe7 Qxe7 11. O-O-O Nb6 12. h3 Nf6 13. Nf3 Be6 14. Kb1
O-O-O 15. Ka1 Kb8 16. Na4 Nxa4 17. Qxa4 Ne4 18. Qc2 1/2-1/2